| 000 | 01501cam a2200313 a 4500 | ||
|---|---|---|---|
| 001 | 708937 | ||
| 005 | 20011205103457.0 | ||
| 008 | 970612m1998maua | b 001 0 eng d | ||
| 010 | _a 97023418 | ||
| 020 | _a0201314525 | ||
| 040 |
_aDLC _cDLC _dDLC |
||
| 050 | 0 | 0 |
_aQA76.73.C15 _bS43 1998 |
| 082 | 0 | 0 |
_221 _a005.133 _bSED |
| 100 | 1 |
_aSedgewick, Robert, _d1946- _98860 |
|
| 245 | 1 | 0 |
_aAlgorithms in C / _cRobert Sedgewick. |
| 250 | _a3rd ed. | ||
| 260 |
_aBoston : _bAddison-Wesley, _cc1998. |
||
| 300 |
_axvii, 702 p. : _bill. ; _c24 cm. |
||
| 504 | _aIncludes bibliographical references and index. | ||
| 505 | 1 | _a[1], pts. 1-4. Fundamentals, data structures, sorting, searching. [2], pt. 5. Graph algorithms. | |
| 650 | 0 |
_aC (Computer program language) _98861 |
|
| 650 | 0 |
_aComputer algorithms. _98862 |
|
| 942 |
_2ddc _cBB |
||
| 999 |
_c12791 _d12791 |
||